Sports Quiz

Random Sports or MLB Quiz

1st Home Run as Rangers Quiz Stats

 Plays Quiz not verified by Sporcle

Also try: NCAA and NBA Title
Challenge
Share
Tweet
Embed
Score 0/28 Timer 10:00
0 Plays Today
Career Home Runs Player % Correct
311Ivan Rodriguez
100%
434Juan Gonzalez
98%
311*Adrian Gonzalez
96.1%
609Sammy Sosa
90.2%
185Michael Young
84.3%
234*Ian Kinsler
82.4%
409Mark Teixeira
70.6%
275Dean Palmer
70.6%
306Ruben Sierra
68.6%
323*Nelson Cruz
66.7%
132*Mitch Moreland
62.5%
144*Justin Smoak
62.5%
153Hank Blalock
60.8%
267*Chris Davis
58.8%
Career Home Runs Player % Correct
119Rusty Greer
58.8%
206Pete Incaviglia
54.9%
195Toby Harrah
52.9%
240Jeff Burroughs
51%
169Pete O'Brien
49%
137Steve Buechele
39.2%
113Fernando Tatis
33.3%
213Travis Hafner
31.4%
286Carlos Pena
23.5%
187Mike Stanley
23.5%
122Don Lock
9.8%
130Mike Epstein
7.8%
115Craig Monroe
3.9%
113Chuck Hinton
2%

You're not logged in!

Compare scores with friends on all Sporcle quizzes.
OR
Log In

You Might Also Like...

Show Comments

Extras

Top Quizzes Today


Score Distribution

Your Account Isn't Verified!

In order to create a playlist on Sporcle, you need to verify the email address you used during registration. Go to your Sporcle Settings to finish the process.

Report this User

Report this user for behavior that violates our Community Guidelines.

Details: